A introduction to the biology of marine life

Đã lưu trong:
書目詳細資料
主要作者: Sumich, James L.
格式: 圖書
語言:Undetermined
出版: Boston, MA McGraw-Hill 1999
主題:
標簽: 添加標簽
沒有標簽, 成為第一個標記此記錄!
Thư viện lưu trữ: Trung tâm Học liệu Trường Đại học Cần Thơ
LEADER 00501nam a2200193Ia 4500
001 CTU_67719
008 210402s9999 xx 000 0 und d
020 |b 49 
082 |a 578.77 
082 |b S955 
100 |a Sumich, James L. 
245 2 |a A introduction to the biology of marine life 
245 0 |c James L. Sumich 
260 |a Boston, MA 
260 |b McGraw-Hill 
260 |c 1999 
650 |a Marine biology 
904 |i Minh 
980 |a Trung tâm Học liệu Trường Đại học Cần Thơ